|
|
|
|
| LEADER |
01010nam a2200337 4500 |
| 001 |
DLU110120681 |
| 005 |
##20110506 |
| 008 |
##930706s1994 njua 000 0 eng |
| 010 |
# |
# |
|a 93026881
|
| 020 |
# |
# |
|a 0138300682
|
| 035 |
# |
# |
|9 (DLC) 93026881
|
| 040 |
# |
# |
|a DLC
|c DLC
|d DLC
|
| 082 |
# |
# |
|a 428.3
|b WA-D
|
| 100 |
# |
# |
|a Warshawsky, Diane.
|
| 245 |
# |
# |
|a Spectum :
|b a communicative course in English.
|n t.III /
|c Diane Warshawsky with Donald R.H. Byrd ; Donald R.H. Byrd, project director ; Anna Veltfort, art director.
|
| 260 |
# |
# |
|a Englewood Cliffs, NJ :
|b Prentice Hall Regents,
|c c1994.
|
| 300 |
# |
# |
|a ix, 166 p. :
|b col. ill. ;
|c 28 cm.
|
| 650 |
# |
# |
|a English language
|x Textbooks for foreign speakers.
|
| 700 |
# |
# |
|a Byrd, Donald R. H.
|
| 923 |
# |
# |
|a 01/2011NN
|
| 990 |
# |
# |
|a t.III
|
| 991 |
# |
# |
|a GT
|
| 992 |
# |
# |
|a 0
|
| 994 |
# |
# |
|a KNN
|
| 900 |
# |
# |
|a True
|
| 911 |
# |
# |
|a Đào Thị Thu Huyền
|
| 925 |
# |
# |
|a G
|
| 926 |
# |
# |
|a A
|
| 927 |
# |
# |
|a SH
|
| 980 |
# |
# |
|a Thư viện Trường Đại học Đà Lạt
|